书目信息 |
| 题名: |
中国证据法治发展报告
|
|
| 作者: | 张保生 , 常林 主编 | |
| 分册: | 2013 | |
| 出版信息: | 北京 中国政法大学出版社 2015 |
|
| 页数: | 41,409页 | |
| 开本: | 23cm | |
| 丛书名: | ||
| 单 册: | ||
| 中图分类: | D925.113.4 | |
| 科图分类: | ||
| 主题词: | 证据--zheng ju--法律--研究报告--中国--2013 | |
| 电子资源: | ||
| ISBN: | 978-7-5620-6041-3 | |
| 000 | 01223nam0 22002651 450 | |
| 001 | 1730291507 | |
| 005 | 20170527085446.12 | |
| 010 | @a978-7-5620-6041-3@dCNY69.00 | |
| 100 | @a20150731d2015 em y0chiy50 ea | |
| 101 | 0 | @achi |
| 102 | @aCN@b110000 | |
| 105 | @ay z 000yy | |
| 106 | @ar | |
| 200 | 1 | @a中国证据法治发展报告@Azhong guo zheng ju fa zhi fa zhan bao gao@h2013@dReport on evidence and the rule of law in China@h2013@f张保生,常林主编@zeng |
| 210 | @a北京@c中国政法大学出版社@d2015 | |
| 215 | @a41,409页@d23cm | |
| 300 | @a国家自然科学基金项目《基于管理决策和法庭决策的证据评价模型及其应用研究》资助 教育部哲学社会科学发展报告项目资助 长江学者和创新团队发展计划资助 | |
| 330 | @a本书从立法、法和法学研究的全景视角,审视中国证据制度发展的脉络,梳理证据科学研究的成果,总结证据立法的理论成果和法的实践经验,记录中国证据法治的实践发展轨迹并预测其未来走向。 | |
| 510 | 1 | @aReport on evidence and the rule of law in China@h2013@zeng |
| 606 | 0 | @a证据@Azheng ju@x法律@x研究报告@y中国@z2013 |
| 690 | @aD925.113.4@v5 | |
| 701 | 0 | @a张保生@Azhang bao sheng@f(1969~)@4主编 |
| 701 | 0 | @a常林@Achang lin@c(法医学)@4主编 |
| 801 | 0 | @aCN@bTANG WEI@c20170523 |
| 905 | @b0968763-7@dD925.113.4@e692(2013)@f5 | |
| 中国证据法治发展报告.2013=Report on evidence and the rule of law in China.2013/张保生,常林主编.-北京:中国政法大学出版社,2015 |
| 41,409页;23cm |
| 国家自然科学基金项目《基于管理决策和法庭决策的证据评价模型及其应用研究》资助 教育部哲学社会科学发展报告项目资助 长江学者和创新团队发展计划资助 |
| ISBN 978-7-5620-6041-3:CNY69.00 |
| 本书从立法、法和法学研究的全景视角,审视中国证据制度发展的脉络,梳理证据科学研究的成果,总结证据立法的理论成果和法的实践经验,记录中国证据法治的实践发展轨迹并预测其未来走向。 |
| ● |
| 相关链接 |
|
|
|
|
正题名:中国证据法治发展报告
索取号:D925.113.4/692(2013)
 
预约/预借
| 序号 | 登录号 | 条形码 | 馆藏地/架位号 | 状态 | 备注 |
| 1 | 0968763 | 209687631 | 第一样本阅览室/ [索取号:D925.113.4/692(2013)] | 在馆 | |
| 2 | 0968764 | 209687640 | 第一借阅区/ [索取号:D925.113.4/692(2013)] | 在馆 | |
| 3 | 0968765 | 209687659 | 第一借阅区/ [索取号:D925.113.4/692(2013)] | 在馆 | |
| 4 | 0968766 | 209687668 | 第一借阅区/ [索取号:D925.113.4/692(2013)] | 在馆 | |
| 5 | 0968767 | 209687677 | 密集书库-史法系/ [索取号:D925.113.4/692(2013)] | 在馆 |